| 000 | 00910nam a22002537a 4500 | ||
|---|---|---|---|
| 003 | URS | ||
| 005 | 20251022113411.0 | ||
| 008 | 250908b ||||| |||| 00| 0 eng d | ||
| 040 | _cURS | ||
| 043 | _aURS | ||
| 050 |
_aTQ180.P6 _b.M378 2024 |
||
| 100 | _aSantiago-Masikip, Maricel V. | ||
| 245 | _aQuality of Research Conducted by Graduate School Students in the Province of Rizal | ||
| 260 | _cAugust 2024 | ||
| 300 |
_a161 leaves : _billustrations ; _c28 cm. |
||
| 336 |
_2rdacontent _atext |
||
| 337 |
_2rdamedia _aunmediated |
||
| 338 |
_2rdacarrier _avolume |
||
| 502 |
_aDissertation _bDoctor of Philosophy Major in Educational Management _cUniversity of Rizal System-Morong _d2024 |
||
| 650 | 0 |
_aResearch _xPhilippines _xManagement |
|
| 700 |
_aEstrabo, Mariam M. _edegree supervisor |
||
| 856 |
_3Online Request for Student Unpublished Works _uhttps://forms.gle/7LqvGGkaDrUQqz429 |
||
| 942 |
_2lcc _cT |
||
| 999 |
_c85950 _d85948 |
||